Pokémon - Les attaques de Krabboss - Statistiques

Statistiques générales
  • Ce quiz a été pris 17 fois
  • Le résultat moyen est 8 sur 16
Statistiques - réponses
Niveaux Types Noms des attaques % Correct
Niveau 54 Eau Pince-Masse
90%
Départ Normal Groz'Yeux
80%
Départ Eau Pistolet à O
80%
Niveau 20 Eau Bulles d'O
70%
Départ Acier Griffe Acier
70%
Niveau 12 Sol Tir de Boue
70%
Départ Normal Armure
60%
Niveau 24 Normal Écrasement
60%
Départ Roche Garde Large
50%
Niveau 60 Normal Guillotine
50%
Niveau 48 Normal Danse Lames
40%
Niveau 16 Normal Abri
30%
Niveau 36 Eau Coqui-Lame
30%
Niveau 31 Normal Gigotage
20%
Départ Combat Marto-Poing
20%
Niveau 42 Normal Souplesse
20%
Aucun quiz correspondant
Distribution des résultats
% des personnes avec chaque résultat
Percentile par nombre de réponses
Votre historique - résultats
Vous n’avez pas pris ce quiz